GATE 2026: Life Science: Zoology (Record no. 395131)
[ view plain ]
| 000 -LEADER | |
|---|---|
| fixed length control field | 00524 a2200205 4500 |
| 005 - DATE & TIME | |
| control field | 20260124125454.0 |
| 008 - FIXED-LENGTH DATA ELEMENTS--GENERAL INFORMATION | |
| fixed length control field | 260122b |||||||| |||| 00| 0 eng d |
| 020 ## - ISBN | |
| International Standard Book Number | 9789356818828 |
| Price | Rs. 695.00 |
| 040 ## - CATALOGING SOURCE | |
| Original cataloging agency | VIVEKANANDA LIBRARY |
| 082 ## - DDC NUMBER | |
| Classification number | 590 |
| Book Number | P881G |
| 100 ## - MAIN ENTRY--PERSONAL NAME | |
| Personal name | Prabhanshu Kumar |
| 245 ## - TITLE STATEMENT | |
| Title | GATE 2026: Life Science: Zoology |
| 260 ## - PUBLICATION, DISTRIBUTION, ETC. (IMPRINT) | |
| Name of publisher, distributor, etc | G K Publications |
| Date of publication, distribution, etc | 2026 |
| Place of publication, distribution, etc | New Delhi |
| 300 ## - PHYSICAL DESCRIPTION | |
| Pages | v. |
| 440 ## - Series Statement | |
| Series Title | GATE prep series |
| 650 ## - Subject | |
| Subject | Zoology |
| 650 ## - Subject | |
| Subject | GATE-2026-Zoology |
| 700 ## - Added Entry Personal Name | |
| Added Entry Personal Name | Tripathi, Preeti |
| 942 ## - ADDED ENTRY ELEMENTS (KOHA) | |
| Koha item type | Books |
| Withdrawn status | Lost status | Source of classification or shelving scheme | Damaged status | Not for loan | Location (home branch) | Sublocation or collection (holding branch) | Shelving location | Date acquired | Koha issues (times borrowed) | Koha full call number | Accession No. | Koha date last seen | Koha item type |
|---|---|---|---|---|---|---|---|---|---|---|---|---|---|
| Dewey Decimal Classification | VIVEKANANDA LIBRARY | VIVEKANANDA LIBRARY | Vivekananda Library | 22/12/2025 | 1 | 590 P881G | 443795 | 09/02/2026 | Books |
